000 00864cam a22002294a 4500
005 20250605163936.0
008 250528s ||||||||||||||||||||||||d
035 _a14869
020 _a333462750
040 _aGR-AtMCL
_bgre
_dGR-AtMCL
_eAACR2
245 1 _aMarxism and the Interpretation of Culture
250 _a1st
260 _c1988
300 _a744
520 _aPreface, Introduction: The Territory of Marxism, Rethinking the Crisis in Marxism, Toward a Contemporary Marxist, The Politics of Modernity and Postmodernity, Culture and Domination and Resistance, Science and Technology and Politics and Ethics, The Politics of Theory and Interpretation, Notes on Contributors, Index.
700 1 _aCrossberg Lawrence
_9647
700 1 _aNelson Cary
_9648
942 _cBK
710 2 _aMacmillan Education
_99710
999 _c480
_d480